<?xml version="1.0" encoding="UTF-8"?>
<marc:record xmlns:marc="http://www.loc.gov/MARC21/slim">
   <marc:leader>00000nam a2200000 a 4500</marc:leader>
   <marc:datafield ind1="1" ind2=" " tag="100">
      <marc:subfield code="a">Hassan, Firas</marc:subfield>
      <marc:subfield code="4">aut</marc:subfield>
      <marc:subfield code="e">Verfasser/-in</marc:subfield>
   </marc:datafield>
   <marc:datafield ind1="1" ind2=" " tag="100">
      <marc:subfield code="a">Arslan, Yilmaz</marc:subfield>
      <marc:subfield code="4">aut</marc:subfield>
      <marc:subfield code="e">Verfasser/-in</marc:subfield>
   </marc:datafield>
   <marc:datafield ind1="1" ind2=" " tag="100">
      <marc:subfield code="a">Thalbach, Katharina</marc:subfield>
   </marc:datafield>
   <marc:datafield ind1="1" ind2=" " tag="100">
      <marc:subfield code="a">Farzan, Taies</marc:subfield>
   </marc:datafield>
   <marc:datafield ind1="1" ind2=" " tag="100">
      <marc:subfield code="a">Yildiz, Erdal</marc:subfield>
   </marc:datafield>
   <marc:datafield ind1="1" ind2=" " tag="100">
      <marc:subfield code="a">Eim, Marcus</marc:subfield>
   </marc:datafield>
   <marc:datafield ind1="1" ind2=" " tag="100">
      <marc:subfield code="a">Faber, Larisa</marc:subfield>
   </marc:datafield>
   <marc:datafield ind1="0" ind2="0" tag="245">
      <marc:subfield code="a">Sandstern</marc:subfield>
   </marc:datafield>
   <marc:datafield ind1="0" ind2="0" tag="245">
      <marc:subfield code="c">Schauspieler: Larisa Faber, Marcus Eim, Erdal Yildiz, Taies Farzan, Katharina Thalbach, Stefan Weinert, Hilmi Sözer, Roland Kagan Sommer; Regie: Yilmaz Arslan; Produktion: Yilmaz Arslan, Elise André, Donato Rotunno; Kamera: Jako Raybaut; Musik: Firas Hass</marc:subfield>
   </marc:datafield>
   <marc:datafield ind1=" " ind2="1" tag="264">
      <marc:subfield code="a">Potsdam</marc:subfield>
      <marc:subfield code="b">filmwerte GmbH</marc:subfield>
      <marc:subfield code="c">2022</marc:subfield>
   </marc:datafield>
   <marc:datafield ind1="1" ind2=" " tag="520">
      <marc:subfield code="a">Sommer 1980: Der zwölf Jahre alte Oktay wuchs nach seiner Geburt bei seiner Großmutter in der Türkei auf. Nun aber soll er zu seinen in Deutschland lebenden Eltern Fatma und Sabri ziehen, die er eigentlich kaum kennt. Aber auch der Wechsel von der beschaulichen türkischen Provinz ins deutsche Großstadtleben ist für den Jungen ein echter Kulturschock. Oktay ist zwar ein aufgeweckter, lebensfroher Junge, aber in seinem neuen Zuhause fühlt er sich nicht wohl. Er verschließt sich, zieht sich zurück. Allein der 75-jährigen Nachbarin Anna gelingt es, ein Vertrauensverhältnis zu dem Jungen aufzubauen. Die ungewöhnliche Frau steht ihm mit großmütterlichem Rat zur Seite, aber die großen Hürden und Probleme des Alltags muss Oktay trotzdem alleine bewältigen.</marc:subfield>
   </marc:datafield>
   <marc:datafield ind1=" " ind2=" " tag="041">
      <marc:subfield code="a">ger</marc:subfield>
   </marc:datafield>
   <marc:datafield ind1=" " ind2=" " tag="300">
      <marc:subfield code="a">1 Online-Ressource (92 min), Bild: 1,85:1 HD</marc:subfield>
   </marc:datafield>
</marc:record>
